|
|
|
|
| LEADER |
00000nam0a2200000 4500 |
| 001 |
31163 |
| 005 |
20231030204344.0 |
| 010 |
|
|
|a 5741801242
|
| 035 |
|
|
|a (RuTPU)RU\TPU\book\31440
|
| 035 |
|
|
|a BOOK00031519
|
| 090 |
|
|
|a 31163
|
| 100 |
|
|
|a 20011209d2000 m y0rusy50 ca
|
| 101 |
0 |
|
|a rus
|
| 102 |
|
|
|a RU
|
| 105 |
|
|
|a a j 000zy
|
| 200 |
1 |
|
|a Сборник задач по теоретической механике на примерах из горной техники и технологии
|e учебное пособие
|f В. С. Перевалов [и др.]
|g Московский государственный горный университет
|
| 210 |
|
|
|a Москва
|c Изд-во Московского гос. горного ун-та
|d 2001
|
| 215 |
|
|
|a 217 с.
|c ил.
|
| 225 |
1 |
|
|a Высшее горное образование
|
| 451 |
|
1 |
|0 (RuTPU)RU\TPU\book\64392
|y 5-7418-0004-1
|t Сборник задач по теоретической механике на примерах из горной техники и технологии
|o учебное пособие
|f Московский государственный горный университет; Под ред. В. С. Перевалова
|e 2-е изд., стер.
|c М.
|n Изд-во Московского гос. горного ун-та
|d 2002
|p 217 с.
|s Высшее горное образование
|
| 610 |
1 |
|
|a теоретическая механика
|
| 610 |
1 |
|
|a статика
|
| 610 |
1 |
|
|a кинематика
|
| 610 |
1 |
|
|a динамика
|
| 610 |
1 |
|
|a задачи
|
| 610 |
1 |
|
|a ответы
|
| 610 |
1 |
|
|a практические пособия
|
| 610 |
1 |
|
|a учебные пособия
|
| 610 |
1 |
|
|a горная техника
|
| 610 |
1 |
|
|a горная технология
|
| 675 |
|
|
|a 531(076)
|v 3
|
| 675 |
|
|
|a 622.002.5(076)
|v 3
|
| 701 |
|
1 |
|a Перевалов
|b В. С.
|g Вадим Сергеевич
|
| 701 |
|
1 |
|a Доброборский
|b Г. А.
|g Георгий Александрович
|
| 701 |
|
1 |
|a Лянсберг
|b Л. М.
|g Лев Матвеевич
|
| 701 |
|
1 |
|a Рачек
|b В. М.
|g Валентин Михайлович
|
| 701 |
|
1 |
|a Сагалова
|b Р. В.
|g Ритта Владимировна
|
| 701 |
|
1 |
|a Фальк
|b И. Н.
|g Ирина Николаевна
|
| 712 |
0 |
2 |
|a Московский государственный горный университет
|
| 801 |
|
0 |
|a RU
|b 63413507
|c 20011209
|g PSBO
|
| 801 |
|
2 |
|a RU
|b 63413507
|c 20140318
|g PSBO
|
| 942 |
|
|
|c BK
|